The poetical works of John Dryden /

Saved in:
Bibliographic Details
Main Author: Dryden, John, 1631-1700
Other Authors: Christie, W. D. (William Dougal), 1816-1874
Format: Book
Language:English
Published: London : Macmillan, 1870.
Edition:Globe ed.
Subjects:
LEADER 01016nam a2200265 a 4500
001 c000409321
003 CARM
005 00000000000000.0
008 s1870 enk b 00011 eng d
019 1 |a 4489773 
040 |a VDU  |c VDU 
082 0 4 |a 820.4 
100 1 |a Dryden, John,  |d 1631-1700. 
240 1 0 |a Poems.  |k Selections.  |f 1870. 
245 1 4 |a The poetical works of John Dryden /  |c edited with a memoir, revised text, and notes by W.D. Christie. 
250 |a Globe ed. 
260 0 |a London :  |b Macmillan,  |c 1870. 
300 |a lxxxvii, 662 p. ;  |c 20 cm. 
500 |a Glossary: p. 657-662. 
504 |a Includes bibliographical references. 
600 1 0 |a Dryden, John,  |d 1631-1700  |x Criticism and interpretation. 
700 1 |a Christie, W. D.  |q (William Dougal),  |d 1816-1874. 
852 8 |b CARM  |h A3:AF09A0  |i A05661  |p 0570882  |f BK 
999 f f |i dab5387c-c7d5-5be3-8ed0-af4c8d1ba34a  |s 0bff00ce-40e0-5ce6-99ac-1fd8afbb0c3a 
952 f f |p Can circulate  |a CAVAL  |b CAVAL  |c CAVAL  |d CARM 1 Store  |e A05661  |f A3:AF09A0  |h Other scheme  |i book  |m 0570882